|
|
|
|
| LEADER |
01005cam a2200253 7i4500 |
| 001 |
0000071580 |
| 005 |
20221004090000.0 |
| 020 |
|
|
|a 9780323856591 (electronic book)
|
| 090 |
0 |
0 |
|a TL243
|b .A93 2021
|
| 100 |
1 |
|
|a Azadi, Shahram
|
| 245 |
1 |
0 |
|a Vehicle dynamics and control :
|b advanced methodologies
|c Shahram Azadi, Reza Kazemi, and Hamidreza Rezaei Nedamani.
|
| 264 |
|
|
|a Amsterdam, Netherlands ; Cambridge, MA:
|b Elsevier,
|c 2021.
|
| 300 |
|
|
|a 1 online resource (xvii, 490 pages):
|b illustrations, text file, PDF.
|
| 336 |
|
|
|a text
|2 rdacontent
|
| 337 |
|
|
|a computer
|2 rdamedia
|
| 338 |
|
|
|a online resource
|2 rdacarrier
|
| 650 |
|
0 |
|a Motor vehicles --
|x Dynamics
|
| 650 |
|
0 |
|a Intelligent control systems
|
| 655 |
|
0 |
|a Electronic books
|
| 700 |
1 |
|
|a Kazemi, Reza
|
| 700 |
1 |
|
|a Nedamani, Hamidreza Rezaei
|
| 856 |
4 |
2 |
|u http://library.unisel.edu.my/web/guest/mylibrary
|
| 997 |
|
|
|a Engineering & Life Sciences, Faculty
|b Engineering, Department
|
| 999 |
|
|
|a EBO0014514
|b EBOOK
|c EBOOK
|e Electronic resources
|